Rural entrepreneurship

I tiakina i:
Ngā taipitopito rārangi puna kōrero
Kaituhi matua: SAMAD, Abdus
Hōputu: Pukapuka
Reo:Ingarihi
I whakaputaina: Book Shore 2019
Tags: Tāpirihia he Tūtohu
No Tags, Be the first to tag this record!

MARC

LEADER 00000nam a22000007a 4500
008 230918b |||||||| |||| 00| 0 eng d
020 |a 9789386807243 
100 |a SAMAD, Abdus 
245 |a Rural entrepreneurship  |c /Abdus Samad  |g vi,261p 
260 |b Book Shore  |c 2019  |h New Delhi  |i 699675  |i 699676  |l HB615.Sa4  |m Entrepreneurship-India  |m Rural industries- India  |m Rural development- India 
500 |a it includes references and index 
942 |a lcc  |c BK  |e Johnson  |f 18/09/23 
952 |0 0  |1 0  |2 lcc  |4 0  |6 HB0615 S A4  |7 0  |9 4471  |a SSL  |b HOL  |c GJ  |d 2023-09-18  |l 0  |o HB615.Sa4  |p 2023-0392  |r 2023-09-18 00:00:00  |t 699675  |w 2023-09-18  |y BK 
952 |0 0  |1 0  |2 lcc  |4 0  |6 HB0615 S A4  |7 0  |9 4472  |a HOL  |b HOL  |c GJ  |d 2023-09-18  |l 0  |o HB615.Sa4  |p 2023-0393  |r 2023-09-18 00:00:00  |t 699676  |w 2023-09-18  |y BK 
999 |c 2241  |d 2241